| 000 | 00406nam a2200169Ia 4500 | ||
|---|---|---|---|
| 008 | 230524s9999 xx 000 0 und d | ||
| 020 | _a9780074620847 | ||
| 082 |
_a658 _bBAS |
||
| 100 | _aC.R.Basu | ||
| 245 | 0 | _aBusiness Organisation And Management | |
| 250 | _aIST | ||
| 260 |
_aNEW DELHI _bTMH _c2008 |
||
| 300 | _aXVII;484 | ||
| 500 | _aQuantity Number: 90 | ||
| 650 | _aManagement | ||
| 942 | _cBK | ||
| 999 |
_c40980 _d40980 |
||